Quiz Aleatório - Statistics

Estatísticas Gerais
  • Esse quiz foi jogado 134 vezes
  • A pontuação média é 5 de 15
Estatísticas das Respostas
Questão Resposta % Correto
O ataque ao Capitólio, em 6 de janeiro de 2021, foi um evento marcante para a política americana. Qual desses eventos mais se assemelha ao evento histórico citado? Invasão terrorista ao Palácio dos Três Poderes de Brasília, em 8 de janeiro de 2023.
71%
A modelo considerada mais bem sucedida de todas é a Gisele Bündchen
57%
O maior campeão da Copa Libertadores, UEFA Champions League e Copa das Confederações é, em sequência: Independiente, Real Madrid e Brasil
57%
Quanto é (a+b)² ? a² + 2ab + b²
43%
A teoria evolutiva, que é considerada errônea hoje, que se orientava pela Lei do Uso e Desuso e Lei da Herança das características adquiridas é a teoria Lamarckista
43%
O vencedor do prêmio de "melhor ator", no Oscar 2016, foi Leonardo Dicaprio
43%
Assinale as capitais e religião majoritária desses paises seguintes; Rússia, Indonésia e Turquia. Moscou e Cristianismo Ortodoxo, Jacarta e Islamismo, Ankara e Islamismo
43%
A Era Geológica vigente é a Cenozoica
29%
Que império foi esse? Império Persa
29%
Quem é essa personalidade dos anos 80? Michael J. Fox
29%
O presidente brasileiro que bizarramente proibiu a rinha de galo foi o Presidente Jânio Quadros
29%
Nome da vencedora do Prêmio Nobel de Literatura, em 2015. Escreveu sobre a vida no Leste Europeu. Svetlana Alexijevich
29%
O maior escritor simbolista brasileiro é Cruz e Sousa (1861-1898)
14%
O que é repouso? Uma dada situação em que um objeto demonstra a mesma velocidade vetorial em relação a um referencial.
14%
Qual dessas personalidades é inglesa? Idris Elba, importante ator da atualidade
0%
Nenhum quiz correspondente encontrado
Distribuição das Pontuações
Porcentagem de Pessoas com Cada Pontuação
Percentil de Números Respondidos
Sua Pontuação Histórica
Você não jogou esse quiz